[Event "Sport Summer 2016"]
[Site "Paracin"]
[Date "2016.07.12"]
[Round "7.1"]
[White "Georgiev, Kiril"]
[Black "Kadric, Denis"]
[Result "1/2-1/2"]
[BlackElo "2562"]
[WhiteElo "2613"]
[LiveChessVersion "1.4.8"]

1. d4 {[%clk 1:28:07]} d6 {[%clk 1:30:55]} 2. Nf3 {[%clk 1:24:37]} g6
{[%clk 1:31:21]} 3. g3 {[%clk 1:24:40]} Bg7 {[%clk 1:31:29]} 4. Bg2
{[%clk 1:25:01]} Nf6 {[%clk 1:31:56]} 5. O-O {[%clk 1:25:19]} O-O
{[%clk 1:32:24]} 6. c4 {[%clk 1:25:12]} Nc6 {[%clk 1:32:50]} 7. Nc3
{[%clk 1:25:10]} e5 {[%clk 1:33:17]} 8. d5 {[%clk 1:24:36]} Nb8 {[%clk 1:33:45]}
9. e4 {[%clk 1:23:38]} a5 {[%clk 1:33:12]} 10. Bg5 {[%clk 1:21:42]} Na6
{[%clk 1:31:00]} 11. Qd2 {[%clk 1:19:55]} Qe8 {[%clk 1:29:53]} 12. Ne1
{[%clk 1:16:28]} Nd7 {[%clk 1:27:17]} 13. Nd3 {[%clk 1:16:46]} f5
{[%clk 1:25:03]} 14. Be3 {[%clk 1:10:37]} b6 {[%clk 1:22:06]} 15. Rae1
{[%clk 1:06:52]} Ndc5 {[%clk 1:19:43]} 16. Nxc5 {[%clk 1:05:11]} Nxc5
{[%clk 1:19:53]} 17. f3 {[%clk 0:53:56]} Bd7 {[%clk 1:19:39]} 18. Kh1
{[%clk 0:42:15]} Qe7 {[%clk 1:08:30]} 19. exf5 {[%clk 0:34:52]} gxf5
{[%clk 1:08:47]} 20. f4 {[%clk 0:34:51]} e4 {[%clk 1:09:15]} 21. Bd4
{[%clk 0:34:45]} 1/2-1/2

[Event "Sport Summer 2016"]
[Site "Paracin"]
[Date "2016.07.12"]
[Round "7.2"]
[White "Berkes, Ferenc"]
[Black "Ratkovic, Miloje"]
[Result "1-0"]
[BlackElo "2404"]
[WhiteElo "2640"]
[LiveChessVersion "1.4.8"]

1. e4 {[%clk 1:30:50]} c6 {[%clk 1:30:46]} 2. d4 {[%clk 1:31:15]} d5
{[%clk 1:30:55]} 3. e5 {[%clk 1:31:38]} Bf5 {[%clk 1:30:57]} 4. Nf3
{[%clk 1:32:00]} e6 {[%clk 1:30:54]} 5. Be2 {[%clk 1:32:25]} Nd7 {[%clk 1:30:23]}
6. O-O {[%clk 1:32:47]} Bg6 {[%clk 1:29:47]} 7. Nbd2 {[%clk 1:33:08]} Nh6
{[%clk 1:30:11]} 8. Nb3 {[%clk 1:33:28]} Rc8 {[%clk 1:30:34]} 9. a4
{[%clk 1:33:24]} a6 {[%clk 1:26:31]} 10. a5 {[%clk 1:33:42]} c5 {[%clk 1:22:06]}
11. c4 {[%clk 1:28:52]} dxc4 {[%clk 1:11:11]} 12. Nbd2 {[%clk 1:28:45]} cxd4
{[%clk 1:01:39]} 13. Nxc4 {[%clk 1:29:00]} Be7 {[%clk 1:00:53]} 14. Bxh6
{[%clk 1:26:27]} gxh6 {[%clk 1:01:09]} 15. Qxd4 {[%clk 1:26:06]} O-O
{[%clk 0:55:45]} 16. Rfd1 {[%clk 1:24:58]} Rc7 {[%clk 0:55:51]} 17. h4
{[%clk 1:15:43]} h5 {[%clk 0:52:38]} 18. Nd6 {[%clk 1:05:10]} Bxd6
{[%clk 0:46:45]} 19. exd6 {[%clk 1:03:50]} Rc5 {[%clk 0:46:19]} 20. b4
{[%clk 1:00:00]} Rd5 {[%clk 0:42:34]} 21. Qa7 {[%clk 0:50:04]} Be4
{[%clk 0:29:06]} 22. Qe3 {[%clk 0:41:21]} Nf6 {[%clk 0:26:45]} 23. Bc4
{[%clk 0:34:52]} Rf5 {[%clk 0:19:38]} 24. Nd4 {[%clk 0:31:48]} Ng4
{[%clk 0:19:29]} 25. Qxe4 {[%clk 0:30:58]} Qxh4 {[%clk 0:19:42]} 26. Nxf5
{[%clk 0:30:55]} Qxf2+ {[%clk 0:19:08]} 27. Kh1 {[%clk 0:31:19]} exf5
{[%clk 0:19:32]} 28. Qf3 {[%clk 0:18:47]} Qh4+ {[%clk 0:15:25]} 29. Kg1
{[%clk 0:19:12]} Qh2+ {[%clk 0:13:44]} 30. Kf1 {[%clk 0:19:37]} Re8
{[%clk 0:14:00]} 31. Qh3 {[%clk 0:19:03]} Qf4+ {[%clk 0:10:41]} 32. Kg1
{[%clk 0:19:27]} Qxc4 {[%clk 0:11:05]} 33. d7 {[%clk 0:18:41]} Rd8
{[%clk 0:11:34]} 34. Qh4 {[%clk 0:10:31]} f6 {[%clk 0:11:11]} 35. Qxh5
{[%clk 0:09:15]} Qe4 {[%clk 0:08:43]} 36. Qh3 {[%clk 0:08:06]} Qxb4
{[%clk 0:08:09]} 37. Rac1 {[%clk 0:07:48]} Qxa5 {[%clk 0:06:54]} 38. Qb3+
{[%clk 0:06:08]} Kg7 {[%clk 0:07:16]} 39. Rc8 {[%clk 0:06:11]} b5
{[%clk 0:05:13]} 40. Qe6 {[%clk 0:04:25]} Qa4 {[%clk 0:00:33]} 41. Qe1
{[%clk 0:03:47]} Qf4 {[%clk 0:00:34]} 42. g3 {[%clk 0:04:08]} Qh6
{[%clk 0:00:32]} 43. Qe2 {[%clk 0:03:37]} Qh3 {[%clk 0:00:33]} 44. Rd3
{[%clk 0:03:18]} Qh6 {[%clk 0:00:51]} 45. Rxd8 {[%clk 0:03:03]} Qc1+
{[%clk 0:01:15]} 46. Kg2 {[%clk 0:03:13]} Qc6+ {[%clk 0:01:39]} 47. Rf3
{[%clk 0:03:31]} 1-0

[Event "Sport Summer 2016"]
[Site "Paracin"]
[Date "2016.07.12"]
[Round "7.3"]
[White "Kosic, Dragan"]
[Black "Nestorovic, Dejan"]
[Result "1/2-1/2"]
[BlackElo "2387"]
[WhiteElo "2504"]
[LiveChessVersion "1.4.8"]

1. d4 {[%clk 1:30:56]} Nf6 {[%clk 1:30:50]} 2. Nf3 {[%clk 1:31:19]} e6
{[%clk 1:31:10]} 3. e3 {[%clk 1:30:35]} d5 {[%clk 1:23:24]} 4. Bd3
{[%clk 1:30:41]} c5 {[%clk 1:23:01]} 5. b3 {[%clk 1:31:02]} Nc6 {[%clk 1:23:06]}
6. O-O {[%clk 1:30:44]} Bd6 {[%clk 1:22:51]} 7. Bb2 {[%clk 1:30:48]} O-O
{[%clk 1:21:40]} 8. c4 {[%clk 1:26:06]} b6 {[%clk 1:12:23]} 9. Nc3
{[%clk 1:26:04]} cxd4 {[%clk 1:09:25]} 10. exd4 {[%clk 1:26:21]} Bb7
{[%clk 1:09:13]} 11. Re1 {[%clk 1:23:28]} Rc8 {[%clk 1:06:51]} 12. cxd5
{[%clk 1:16:12]} exd5 {[%clk 1:03:59]} 13. Bf5 {[%clk 1:14:16]} Ra8
{[%clk 1:00:33]} 14. Ne5 {[%clk 1:08:16]} Re8 {[%clk 0:47:18]} 15. Nb5
{[%clk 1:06:34]} Bb4 {[%clk 0:45:04]} 16. Re3 {[%clk 1:06:35]} a6
{[%clk 0:43:48]} 17. Na3 {[%clk 0:59:39]} Ne7 {[%clk 0:42:36]} 18. Bd3
{[%clk 0:58:19]} b5 {[%clk 0:38:03]} 19. Nc2 {[%clk 0:57:55]} Bd6
{[%clk 0:38:23]} 20. Qe2 {[%clk 0:50:00]} Ng6 {[%clk 0:31:39]} 21. Bxg6
{[%clk 0:48:51]} hxg6 {[%clk 0:31:56]} 22. Ne1 {[%clk 0:49:14]} Rc8
{[%clk 0:26:28]} 23. N1d3 {[%clk 0:45:34]} b4 {[%clk 0:26:26]} 24. a3
{[%clk 0:38:29]} a5 {[%clk 0:24:10]} 25. axb4 {[%clk 0:34:00]} axb4
{[%clk 0:24:27]} 26. f3 {[%clk 0:31:57]} Qb6 {[%clk 0:22:38]} 27. Qf2
{[%clk 0:23:02]} Ba6 {[%clk 0:19:52]} 28. Rae1 {[%clk 0:19:54]} Bxd3
{[%clk 0:18:07]} 29. Rxd3 {[%clk 0:18:56]} Re7 {[%clk 0:14:20]} 30. Rde3
{[%clk 0:16:58]} Rec7 {[%clk 0:10:48]} 31. R3e2 {[%clk 0:14:51]} Qb5
{[%clk 0:10:30]} 32. Qe3 {[%clk 0:13:07]} Rc2 {[%clk 0:09:27]} 33. Rxc2
{[%clk 0:06:59]} Rxc2 {[%clk 0:09:45]} 34. Nxf7 {[%clk 0:06:16]} Bxh2+
{[%clk 0:09:01]} 35. Kxh2 {[%clk 0:06:14]} Kxf7 {[%clk 0:09:23]} 36. Qe6+
{[%clk 0:04:23]} Kf8 {[%clk 0:09:51]} 37. Qd6+ {[%clk 0:04:12]} Kg8
{[%clk 0:09:02]} 38. Bc1 {[%clk 0:04:32]} Qd3 {[%clk 0:02:40]} 39. Qe6+
{[%clk 0:02:27]} Kh7 {[%clk 0:03:09]} 40. Qh3+ {[%clk 0:02:47]} Nh5
{[%clk 0:02:21]} 41. Re5 {[%clk 0:02:26]} Rxc1 {[%clk 0:02:12]} 42. Rxh5+
{[%clk 0:02:42]} gxh5 {[%clk 0:02:30]} 43. Qxh5+ {[%clk 0:03:09]} Kg8
{[%clk 0:02:48]} 44. Qe8+ 1/2-1/2

[Event "Sport Summer 2016"]
[Site "Paracin"]
[Date "2016.07.12"]
[Round "7.4"]
[White "Marjanovic, Dejan"]
[Black "Fang, Yuxiang"]
[Result "1/2-1/2"]
[BlackElo "2494"]
[WhiteElo "2392"]
[LiveChessVersion "1.4.8"]

1. e4 {[%clk 1:27:24]} e6 {[%clk 1:27:05]} 2. d4 {[%clk 1:27:24]} d5
{[%clk 1:27:09]} 3. Nd2 {[%clk 1:27:28]} dxe4 {[%clk 1:19:32]} 4. Nxe4
{[%clk 1:27:48]} Nd7 {[%clk 1:19:19]} 5. g3 {[%clk 1:23:32]} Ngf6
{[%clk 1:17:09]} 6. Nxf6+ {[%clk 1:22:10]} Nxf6 {[%clk 1:17:22]} 7. Bg2
{[%clk 1:22:32]} e5 {[%clk 1:14:37]} 8. Nf3 {[%clk 1:20:39]} exd4
{[%clk 1:09:55]} 9. Qxd4 {[%clk 1:20:15]} Be7 {[%clk 1:02:40]} 10. Bf4
{[%clk 1:19:48]} Be6 {[%clk 0:56:10]} 11. O-O-O {[%clk 1:13:43]} O-O
{[%clk 0:55:00]} 12. Qxd8 {[%clk 1:09:20]} Bxd8 {[%clk 0:48:10]} 13. Ng5
{[%clk 0:49:09]} Bc8 {[%clk 0:48:11]} 14. Ne4 {[%clk 0:47:19]} Nxe4
{[%clk 0:44:23]} 15. Bxe4 {[%clk 0:47:19]} c6 {[%clk 0:44:23]} 16. Rhe1
{[%clk 0:47:19]} Be6 {[%clk 0:44:23]} 17. Kb1 {[%clk 0:47:19]} Bb6
{[%clk 0:44:23]} 18. Be3 {[%clk 0:47:19]} Rfd8 {[%clk 0:44:23]} 19. Bxb6
{[%clk 0:47:19]} axb6 {[%clk 0:44:23]} 20. a3 {[%clk 0:47:19]} 1/2-1/2

[Event "Sport Summer 2016"]
[Site "Paracin"]
[Date "2016.07.12"]
[Round "7.5"]
[White "Zajic, Milan"]
[Black "Becker, Marcel"]
[Result "1/2-1/2"]
[BlackElo "2380"]
[WhiteElo "2481"]
[LiveChessVersion "1.4.8"]

1. e4 {[%clk 1:28:19]} c6 {[%clk 1:30:46]} 2. Nc3 {[%clk 1:28:03]} d5
{[%clk 1:31:04]} 3. Nf3 {[%clk 1:28:21]} Bg4 {[%clk 1:31:25]} 4. h3
{[%clk 1:28:32]} Bxf3 {[%clk 1:31:48]} 5. Qxf3 {[%clk 1:28:57]} e6
{[%clk 1:32:03]} 6. d3 {[%clk 1:27:46]} Nd7 {[%clk 1:32:11]} 7. a3
{[%clk 1:25:46]} Qb6 {[%clk 1:28:35]} 8. g3 {[%clk 1:23:27]} g6 {[%clk 1:27:29]}
9. Bg2 {[%clk 1:21:48]} Bg7 {[%clk 1:27:42]} 10. O-O {[%clk 1:21:33]} Ne7
{[%clk 1:26:30]} 11. Qe2 {[%clk 1:16:31]} O-O {[%clk 1:24:27]} 12. Kh2
{[%clk 1:14:43]} dxe4 {[%clk 1:15:34]} 13. Nxe4 {[%clk 1:12:40]} c5
{[%clk 1:13:12]} 14. Rb1 {[%clk 1:06:21]} Qc7 {[%clk 1:02:25]} 15. Bf4
{[%clk 0:50:45]} e5 {[%clk 1:00:06]} 16. Bd2 {[%clk 0:49:27]} Nc6
{[%clk 0:58:47]} 17. b4 {[%clk 0:39:05]} cxb4 {[%clk 0:58:22]} 18. axb4
{[%clk 0:38:35]} h6 {[%clk 0:53:35]} 19. Qd1 {[%clk 0:30:57]} Nd4
{[%clk 0:49:37]} 20. c3 {[%clk 0:26:32]} Ne6 {[%clk 0:49:59]} 21. Qb3
{[%clk 0:26:17]} Rae8 {[%clk 0:48:11]} 22. Qc4 {[%clk 0:25:01]} Qxc4
{[%clk 0:41:53]} 23. dxc4 {[%clk 0:25:28]} b6 {[%clk 0:41:45]} 24. Ra1
{[%clk 0:16:59]} Rd8 {[%clk 0:41:07]} 25. Rxa7 {[%clk 0:11:55]} f5
{[%clk 0:39:09]} 26. Be3 {[%clk 0:03:47]} fxe4 {[%clk 0:38:51]} 27. Bxe4
{[%clk 0:03:07]} Nf6 {[%clk 0:36:53]} 28. Bxg6 {[%clk 0:02:55]} Rc8
{[%clk 0:33:59]} 29. Bf5 {[%clk 0:00:34]} Rfe8 {[%clk 0:34:02]} 30. Rd1
{[%clk 0:00:33]} Rxc4 {[%clk 0:31:27]} 31. Rd6 {[%clk 0:00:35]} Nf8
{[%clk 0:30:48]} 32. Bxh6 {[%clk 0:00:33]} Bxh6 {[%clk 0:30:44]} 33. Rxf6
{[%clk 0:00:57]} Bg7 {[%clk 0:29:47]} 34. Rxb6 {[%clk 0:01:19]} e4
{[%clk 0:29:17]} 35. Rbb7 {[%clk 0:00:34]} Bxc3 {[%clk 0:29:12]} 36. Rc7
{[%clk 0:00:33]} Rxc7 {[%clk 0:29:24]} 37. Rxc7 {[%clk 0:00:53]} Bxb4
{[%clk 0:29:32]} 38. Rc4 {[%clk 0:00:37]} Be1 {[%clk 0:29:51]} 39. Bxe4
{[%clk 0:00:38]} Bxf2 {[%clk 0:30:02]} 40. Bd5+ {[%clk 0:01:04]} Kg7
{[%clk 0:27:54]} 41. Rg4+ {[%clk 0:00:55]} Kh6 {[%clk 0:27:21]} 42. Rh4+
{[%clk 0:00:53]} Kg7 {[%clk 0:27:40]} 43. Rg4+ {[%clk 0:00:34]} 1/2-1/2

[Event "Sport Summer 2016"]
[Site "Paracin"]
[Date "2016.07.12"]
[Round "7.6"]
[White "Abramovic, Bosko"]
[Black "Kasparov, Sergey"]
[Result "1/2-1/2"]
[BlackElo "2470"]
[WhiteElo "2422"]
[LiveChessVersion "1.4.8"]

1. c4 {[%clk 1:30:54]} c5 {[%clk 1:30:57]} 2. Nc3 {[%clk 1:31:19]} Nc6
{[%clk 1:31:23]} 3. g3 {[%clk 1:31:43]} g6 {[%clk 1:31:50]} 4. Bg2
{[%clk 1:32:09]} Bg7 {[%clk 1:32:17]} 5. e3 {[%clk 1:32:33]} e6 {[%clk 1:32:43]}
6. Nge2 {[%clk 1:32:57]} Nge7 {[%clk 1:33:09]} 7. O-O {[%clk 1:33:21]} O-O
{[%clk 1:33:34]} 8. d4 {[%clk 1:33:47]} cxd4 {[%clk 1:34:00]} 9. Nxd4
{[%clk 1:34:10]} Nxd4 {[%clk 1:34:23]} 10. exd4 {[%clk 1:34:26]} d5
{[%clk 1:34:50]} 11. cxd5 {[%clk 1:34:49]} Nxd5 {[%clk 1:35:10]} 12. Nxd5
{[%clk 1:35:11]} exd5 {[%clk 1:35:35]} 13. Qb3 {[%clk 1:33:56]} Be6
{[%clk 1:35:08]} 14. Be3 {[%clk 1:34:18]} Qd7 {[%clk 1:35:13]} 15. Rac1
{[%clk 1:34:37]} Rac8 {[%clk 1:35:18]} 16. h4 {[%clk 1:34:12]} h5
{[%clk 1:35:38]} 17. Qa3 {[%clk 1:34:01]} a6 {[%clk 1:35:36]} 18. b3
{[%clk 1:34:22]} Rxc1 {[%clk 1:35:49]} 19. Rxc1 {[%clk 1:34:47]} Rc8
{[%clk 1:36:04]} 20. Rxc8+ {[%clk 1:34:59]} Qxc8 {[%clk 1:36:33]} 21. Qb2
{[%clk 1:35:13]} 1/2-1/2

[Event "Sport Summer 2016"]
[Site "Paracin"]
[Date "2016.07.12"]
[Round "7.7"]
[White "Sredojevic, Ivan"]
[Black "Cabarkapa, Novak"]
[Result "1/2-1/2"]
[BlackElo "2424"]
[WhiteElo "2342"]
[LiveChessVersion "1.4.8"]

1. e4 {[%clk 1:30:58]} e6 {[%clk 1:30:51]} 2. d4 {[%clk 1:31:23]} d5
{[%clk 1:31:17]} 3. Nc3 {[%clk 1:31:47]} Nf6 {[%clk 1:31:43]} 4. Bg5
{[%clk 1:32:12]} dxe4 {[%clk 1:32:07]} 5. Nxe4 {[%clk 1:32:36]} Be7
{[%clk 1:32:33]} 6. Bxf6 {[%clk 1:32:58]} gxf6 {[%clk 1:32:58]} 7. Nf3
{[%clk 1:33:17]} f5 {[%clk 1:33:23]} 8. Nc3 {[%clk 1:33:43]} a6 {[%clk 1:33:49]}
9. g3 {[%clk 1:34:09]} b5 {[%clk 1:34:07]} 10. Bg2 {[%clk 1:34:33]} Bb7
{[%clk 1:34:32]} 11. O-O {[%clk 1:34:58]} O-O {[%clk 1:34:57]} 12. Ne5
{[%clk 1:35:00]} Bxg2 {[%clk 1:35:18]} 13. Kxg2 {[%clk 1:35:29]} b4
{[%clk 1:35:14]} 14. Na4 {[%clk 1:35:47]} Qd5+ {[%clk 1:30:24]} 15. Qf3
{[%clk 1:36:15]} Rd8 {[%clk 1:30:23]} 16. Rfd1 {[%clk 1:34:48]} Bf6
{[%clk 1:23:43]} 17. Rac1 {[%clk 1:26:48]} Bxe5 {[%clk 1:22:00]} 18. dxe5
{[%clk 1:26:50]} Qxf3+ {[%clk 1:22:26]} 19. Kxf3 {[%clk 1:27:11]} Nc6
{[%clk 1:22:19]} 20. Kf4 {[%clk 1:27:15]} Ne7 {[%clk 1:20:19]} 21. Ke3
{[%clk 1:26:52]} f6 {[%clk 1:15:30]} 22. exf6 {[%clk 1:16:05]} Nd5+
{[%clk 1:15:55]} 23. Ke2 {[%clk 1:16:25]} Kf7 {[%clk 1:14:32]} 24. c3
{[%clk 1:15:07]} a5 {[%clk 1:14:17]} 25. cxb4 {[%clk 1:15:13]} axb4
{[%clk 1:14:40]} 26. b3 {[%clk 1:15:33]} 1/2-1/2

[Event "Sport Summer 2016"]
[Site "Paracin"]
[Date "2016.07.12"]
[Round "7.8"]
[White "Atalik, Suat"]
[Black "Tuna, Alp"]
[Result "1-0"]
[BlackElo "2105"]
[WhiteElo "2564"]
[LiveChessVersion "1.4.8"]

1. Nf3 {[%clk 1:30:53]} d5 {[%clk 1:30:49]} 2. g3 {[%clk 1:31:01]} c6
{[%clk 1:31:04]} 3. Bg2 {[%clk 1:31:14]} Bg4 {[%clk 1:31:19]} 4. c4
{[%clk 1:31:08]} e6 {[%clk 1:31:11]} 5. Ne5 {[%clk 1:29:21]} Bf5 {[%clk 1:27:33]}
6. d4 {[%clk 1:28:36]} Nd7 {[%clk 1:26:34]} 7. O-O {[%clk 1:28:41]} Ngf6
{[%clk 1:25:46]} 8. Nc3 {[%clk 1:25:12]} Be7 {[%clk 1:25:23]} 9. Qb3
{[%clk 1:24:53]} Qb6 {[%clk 1:24:14]} 10. Nxd7 {[%clk 1:24:25]} Nxd7
{[%clk 1:24:08]} 11. e4 {[%clk 1:23:43]} dxe4 {[%clk 1:23:26]} 12. Nxe4
{[%clk 1:23:27]} Qxb3 {[%clk 1:18:56]} 13. axb3 {[%clk 1:23:33]} O-O
{[%clk 1:17:35]} 14. Be3 {[%clk 1:15:25]} a6 {[%clk 1:10:37]} 15. h3
{[%clk 1:13:44]} Rad8 {[%clk 1:08:45]} 16. Rfd1 {[%clk 1:10:10]} Nf6
{[%clk 1:03:43]} 17. f3 {[%clk 1:09:03]} Nd7 {[%clk 0:56:59]} 18. Kf2
{[%clk 1:06:26]} e5 {[%clk 0:49:59]} 19. d5 {[%clk 1:05:28]} cxd5
{[%clk 0:49:12]} 20. cxd5 {[%clk 0:51:34]} Bxe4 {[%clk 0:49:05]} 21. fxe4
{[%clk 0:51:58]} Bd6 {[%clk 0:39:25]} 22. Rac1 {[%clk 0:50:28]} Rc8
{[%clk 0:38:39]} 23. h4 {[%clk 0:47:16]} Nc5 {[%clk 0:34:29]} 24. Rc3
{[%clk 0:43:00]} a5 {[%clk 0:32:47]} 25. Ke2 {[%clk 0:43:04]} b6 {[%clk 0:29:39]}
26. g4 {[%clk 0:42:46]} Rc7 {[%clk 0:23:07]} 27. g5 {[%clk 0:39:30]} g6
{[%clk 0:21:40]} 28. Rf1 {[%clk 0:38:37]} Rb7 {[%clk 0:16:04]} 29. Rf6
{[%clk 0:37:47]} Rd8 {[%clk 0:15:41]} 30. h5 {[%clk 0:32:57]} Kf8
{[%clk 0:13:42]} 31. hxg6 {[%clk 0:30:58]} hxg6 {[%clk 0:14:06]} 32. Bd2
{[%clk 0:30:46]} Ke7 {[%clk 0:12:35]} 33. Rh3 {[%clk 0:31:00]} Nd7
{[%clk 0:12:33]} 34. Rf1 {[%clk 0:30:06]} Nf8 {[%clk 0:07:43]} 35. Rhf3
{[%clk 0:28:51]} Ke8 {[%clk 0:07:55]} 36. Kd1 {[%clk 0:27:41]} Rc7
{[%clk 0:06:12]} 37. Bh3 {[%clk 0:26:52]} Nh7 {[%clk 0:06:06]} 38. Bg4
{[%clk 0:25:56]} Nf8 {[%clk 0:06:02]} 39. Rf6 {[%clk 0:25:24]} Nh7
{[%clk 0:06:04]} 40. R6f2 {[%clk 0:25:46]} Bc5 {[%clk 0:04:07]} 41. Rh2
{[%clk 0:25:27]} Nf8 {[%clk 0:04:30]} 42. Rh3 {[%clk 0:25:25]} Bd4
{[%clk 0:03:58]} 43. Rf6 {[%clk 0:23:23]} Ke7 {[%clk 0:02:58]} 44. Rh8
{[%clk 0:21:40]} Bc5 {[%clk 0:01:07]} 45. Rg8 {[%clk 0:15:29]} Rd6
{[%clk 0:00:43]} 46. Rf1 {[%clk 0:13:21]} Bd4 {[%clk 0:01:11]} 47. Rg7
{[%clk 0:13:04]} Ke8 {[%clk 0:01:02]} 48. Rf6 {[%clk 0:12:33]} Rxf6
{[%clk 0:00:32]} 49. gxf6 {[%clk 0:13:01]} Bc5 {[%clk 0:00:32]} 50. Rg8
{[%clk 0:12:54]} Rb7 {[%clk 0:00:38]} 51. Bh6 {[%clk 0:13:06]} Rb8
{[%clk 0:00:56]} 52. Bxf8 {[%clk 0:12:47]} Bxf8 {[%clk 0:00:56]} 53. d6 1-0

[Event "Sport Summer 2016"]
[Site "Paracin"]
[Date "2016.07.12"]
[Round "7.9"]
[White "Damljanovic, Branko"]
[Black "Nestorovic, Lazar"]
[Result "0-1"]
[BlackElo "2340"]
[WhiteElo "2557"]
[LiveChessVersion "1.4.8"]

1. d4 {[%clk 1:30:53]} Nf6 {[%clk 1:30:21]} 2. c4 {[%clk 1:31:21]} e6
{[%clk 1:31:15]} 3. Nf3 {[%clk 1:31:47]} Bb4+ {[%clk 1:31:34]} 4. Bd2
{[%clk 1:32:16]} Qe7 {[%clk 1:31:58]} 5. g3 {[%clk 1:32:40]} Bxd2+
{[%clk 1:32:04]} 6. Nfxd2 {[%clk 1:32:49]} d6 {[%clk 1:28:30]} 7. Nc3
{[%clk 1:32:52]} O-O {[%clk 1:28:56]} 8. Bg2 {[%clk 1:32:12]} e5 {[%clk 1:29:19]}
9. d5 {[%clk 1:32:34]} Nbd7 {[%clk 1:28:56]} 10. b4 {[%clk 1:31:14]} Ne8
{[%clk 1:28:55]} 11. Nb3 {[%clk 1:27:10]} f5 {[%clk 1:29:08]} 12. Rc1
{[%clk 1:27:34]} e4 {[%clk 1:27:26]} 13. O-O {[%clk 1:27:52]} Ne5
{[%clk 1:27:30]} 14. c5 {[%clk 1:27:28]} Rf6 {[%clk 1:23:35]} 15. Qd2
{[%clk 1:05:39]} Rh6 {[%clk 1:16:11]} 16. f3 {[%clk 1:01:38]} Nf6
{[%clk 1:13:08]} 17. Nb5 {[%clk 0:49:07]} f4 {[%clk 0:59:55]} 18. gxf4
{[%clk 0:38:29]} Ng6 {[%clk 0:50:17]} 19. cxd6 {[%clk 0:23:06]} cxd6
{[%clk 0:50:01]} 20. fxe4 {[%clk 0:12:13]} Nh4 {[%clk 0:43:56]} 21. Rf2
{[%clk 0:03:49]} Ng4 {[%clk 0:37:27]} 22. Rc7 {[%clk 0:03:09]} Bd7
{[%clk 0:34:35]} 23. e5 {[%clk 0:02:51]} Nxf2 {[%clk 0:31:01]} 24. e6
{[%clk 0:02:30]} Rg6 {[%clk 0:29:49]} 25. Kxf2 {[%clk 0:01:29]} Rxg2+
{[%clk 0:27:32]} 26. Kf1 {[%clk 0:01:57]} Qg5 {[%clk 0:11:27]} 27. exd7
{[%clk 0:00:33]} Rf8 {[%clk 0:07:16]} 28. Rc8 {[%clk 0:00:45]} Rg1+
{[%clk 0:07:16]} 29. Kf2 {[%clk 0:01:14]} Rf1+ {[%clk 0:06:01]} 30. Ke3
{[%clk 0:01:19]} Qxf4+ {[%clk 0:05:05]} 31. Kd3 {[%clk 0:01:45]} Qf5+
{[%clk 0:05:11]} 32. Kc3 {[%clk 0:01:27]} Rxc8+ {[%clk 0:02:52]} 33. dxc8=Q+
Qxc8+ 34. Kb2 Qe8 35. Nc3 Qe5 36. Na5 Rf7 37. Nc4 Qxh2 38. Qg5 Nf5 39. Qd8+ Rf8
40. Qd7 Qf4 41. Qe6+ Kh8 42. Ne4 Nd4 43. Qe7 Nxe2 44. Ncd2 Ng3 45. Ka3 Qe3+ 46.
Ka4 a5 47. Kxa5 Ra8+ 0-1

[Event "Sport Summer 2016"]
[Site "Paracin"]
[Date "2016.07.12"]
[Round "7.10"]
[White "Brankovic, Dejan"]
[Black "Savic, Miodrag R"]
[Result "0-1"]
[BlackElo "2507"]
[WhiteElo "2353"]
[LiveChessVersion "1.4.8"]

1. e4 {[%clk 1:30:56]} d5 {[%clk 1:30:39]} 2. exd5 {[%clk 1:31:18]} Qxd5
{[%clk 1:31:01]} 3. Nc3 {[%clk 1:31:28]} Qa5 {[%clk 1:31:22]} 4. d4
{[%clk 1:31:40]} c6 {[%clk 1:31:26]} 5. Nf3 {[%clk 1:30:59]} Nf6 {[%clk 1:31:37]}
6. Bc4 {[%clk 1:31:06]} Bf5 {[%clk 1:27:35]} 7. Bd2 {[%clk 1:30:31]} e6
{[%clk 1:26:59]} 8. Nd5 {[%clk 1:30:50]} Qd8 {[%clk 1:27:19]} 9. Nxf6+
{[%clk 1:31:14]} gxf6 {[%clk 1:27:46]} 10. Qe2 {[%clk 1:31:36]} Bxc2
{[%clk 1:17:01]} 11. Rc1 {[%clk 1:16:04]} Bg6 {[%clk 1:15:03]} 12. d5
{[%clk 1:09:52]} cxd5 {[%clk 1:05:24]} 13. Bb5+ {[%clk 1:08:44]} Nd7
{[%clk 1:05:52]} 14. Ne5 {[%clk 1:08:49]} fxe5 {[%clk 1:04:49]} 15. Qxe5
{[%clk 1:08:32]} Qb6 {[%clk 0:51:42]} 16. Bxd7+ {[%clk 1:03:11]} Kxd7
{[%clk 0:52:10]} 17. Qxh8 {[%clk 1:03:24]} e5 {[%clk 0:43:34]} 18. O-O
{[%clk 0:55:02]} Re8 {[%clk 0:43:56]} 19. Rfe1 {[%clk 0:21:33]} Bb4
{[%clk 0:33:56]} 20. Qxe8+ {[%clk 0:21:02]} Kxe8 {[%clk 0:34:24]} 21. Rxe5+
{[%clk 0:21:25]} Kd7 {[%clk 0:34:16]} 22. Rxd5+ {[%clk 0:21:38]} Ke6
{[%clk 0:34:06]} 23. Be3 {[%clk 0:21:18]} Qxe3 {[%clk 0:25:23]} 24. fxe3
{[%clk 0:21:39]} Kxd5 {[%clk 0:25:51]} 25. Rc7 {[%clk 0:20:20]} b5
{[%clk 0:23:24]} 26. Rxa7 {[%clk 0:19:24]} Bc5 {[%clk 0:23:52]} 27. Rd7+
{[%clk 0:11:42]} Kc6 {[%clk 0:24:21]} 28. Rd1 {[%clk 0:11:39]} Bxe3+
{[%clk 0:24:45]} 29. Kf1 {[%clk 0:12:05]} Kc5 {[%clk 0:24:36]} 30. h3
{[%clk 0:11:50]} Bd4 {[%clk 0:23:04]} 31. Rd2 {[%clk 0:10:22]} Kc4
{[%clk 0:20:45]} 32. Ke2 {[%clk 0:09:16]} Be4 {[%clk 0:15:48]} 33. g4
{[%clk 0:07:50]} f5 {[%clk 0:14:18]} 34. gxf5 {[%clk 0:08:03]} Bxf5
{[%clk 0:14:46]} 35. h4 {[%clk 0:07:28]} Bg4+ {[%clk 0:15:10]} 36. Ke1
{[%clk 0:05:02]} Bf6 {[%clk 0:14:07]} 37. Rc2+ {[%clk 0:03:54]} Kb4
{[%clk 0:14:20]} 38. Rh2 {[%clk 0:04:13]} h5 {[%clk 0:14:42]} 39. Kf1
{[%clk 0:02:55]} Ka4 {[%clk 0:12:20]} 40. Ke1 {[%clk 0:03:10]} Be6
{[%clk 0:11:01]} 41. b3+ {[%clk 0:03:01]} Ka3 {[%clk 0:11:23]} 42. Kd1
{[%clk 0:03:10]} Bb2 {[%clk 0:10:50]} 43. Rg2 {[%clk 0:02:30]} Bg4+
{[%clk 0:10:17]} 44. Kc2 {[%clk 0:02:56]} Kxa2 {[%clk 0:08:51]} 45. Rf2
{[%clk 0:03:21]} Ka3 {[%clk 0:09:01]} 46. Rf8 {[%clk 0:03:15]} Be5
{[%clk 0:08:38]} 47. Rf7 {[%clk 0:02:25]} Kb4 {[%clk 0:08:32]} 0-1

[Event "Sport Summer 2016"]
[Site "Paracin"]
[Date "2016.07.12"]
[Round "7.11"]
[White "Radovanovic, Mihajlo"]
[Black "Djordjevic, Vuk"]
[Result "1/2-1/2"]
[BlackElo "2415"]
[WhiteElo "2362"]
[LiveChessVersion "1.4.8"]

1. Nf3 d5 2. d4 Nf6 3. c4 e6 4. g3 Be7 5. Bg2 O-O 6. O-O dxc4 7. Qc2 a6 8. Qxc4
b5 9. Qc2 Bb7 10. Bd2 Be4 11. Qc1 Qc8 12. Bg5 Nbd7 13. Nbd2 Bb7 14. Nb3 a5 15.
Rd1 Bd5 16. Bxf6 Nxf6 17. Ne5 Bd6 18. Nd3 Re8 19. Bh3 Nd7 20. Nbc5 Nxc5 21. dxc5
Be7 22. Ne5 Qb7 23. c6 Qa6 24. Bg2 Bxg2 25. Kxg2 Bd6 26. Nd7 b4 27. Qc2 a4 28.
Rac1 Qb5 29. Qd3 Ra5 30. e4 Qxd3 31. Rxd3 Rb5 32. f4 f6 33. Kf3 Kf7 34. Re3 Be7
35. h3 Ra8 36. g4 Ra6 37. h4 b3 38. axb3 axb3 39. Rcc3 Ra2 1/2-1/2